| 000 | 00519nam a22001817a 4500 | ||
|---|---|---|---|
| 005 | 20170316114308.0 | ||
| 008 | 170316b xxu||||| |||| 00| 0 eng d | ||
| 020 | _a9781412957038 | ||
| 040 | _cPK-LaUMT | ||
| 082 |
_a301.076 _bSOC- |
||
| 245 |
_aSociology through active learning: _bstudent exercises/ _cKathleen McKinney and Barbara S. Heyl(Editors) |
||
| 250 | _a2nd | ||
| 260 |
_aLos Angeles: _bPine Forge , _c2009 |
||
| 300 | _a289 p. | ||
| 546 | _aEN | ||
| 650 | _aSociology - problems, exercises | ||
| 942 | _cBK | ||
| 999 |
_c91787 _d91787 |
||